Obras completas

Tallennettuna:
Bibliografiset tiedot
Päätekijä: Unamuno, Miguel de (Tekijä)
Aineistotyyppi: Kirja
Kieli:espanja
Julkaistu: Barcelona Afrodisio Aguado 1958
Sarja:Colección Peredilla del Alcor
Aiheet:
Tagit: Lisää tagi
Ei tageja, Lisää ensimmäinen tagi!

MARC

LEADER 00000nam a2200000 a 4500
001 UCX6358
003 CL-VaPUC
008 930526e19580000SP |||||||||||||||||spa|d
082 0 4 |a 860.9  |b UNA  |2 21 
100 0 |a Unamuno, Miguel de  |e author  |9 312478 
245 1 0 |a Obras completas 
300 |a 8 v 
942 |c BK 
945 |d 19930526 00:00:00  |a rbrito 
260 |a Barcelona  |b Afrodisio Aguado  |c 1958 
650 0 |a Antologías  |9 309836 
650 0 |a Literatura española  |9 306261 
583 |a last modification  |c 19930526 00:00:00  |k Rodrigo Vera 
490 0 |a Colección Peredilla del Alcor 
999 |c 226386  |d 226384 
952 |0 0  |1 0  |4 0  |6 860_900000000000000_UNA_1958  |7 0  |8 A  |9 224685  |a FDOPOS  |b FDOPOS  |d 2019-11-15  |h v.1  |i 2934531  |o 860.9 UNA 1958  |p 2934531  |r 2025-01-22  |w 2019-11-15  |y BK  |k MLH 
952 |0 0  |1 0  |4 0  |6 860_900000000000000_UNA_1958  |7 0  |8 A  |9 224687  |a FDOPOS  |b FDOPOS  |d 2019-11-15  |h v.3  |i 2934558  |o 860.9 UNA 1958  |p 2934558  |r 2025-01-22  |w 2019-11-15  |y BK  |k MLH 
952 |0 0  |1 0  |4 0  |6 860_900000000000000_UNA_1958  |7 0  |8 A  |9 224688  |a FDOPOS  |b FDOPOS  |d 2019-11-15  |h v.4  |i 2934566  |o 860.9 UNA 1958  |p 2934566  |r 2025-01-22  |w 2019-11-15  |y BK  |k MLH 
952 |0 0  |1 0  |4 0  |6 860_900000000000000_UNA_1958  |7 0  |8 A  |9 224689  |a FDOPOS  |b FDOPOS  |d 2019-11-15  |h v.5  |i 2934574  |o 860.9 UNA 1958  |p 2934574  |r 2025-01-22  |w 2019-11-15  |y BK  |k MLH 
952 |0 0  |1 0  |4 0  |6 860_900000000000000_UNA_1958  |7 0  |8 A  |9 224690  |a FDOPOS  |b FDOPOS  |d 2019-11-15  |h v.6  |i 2934582  |o 860.9 UNA 1958  |p 2934582  |r 2025-01-22  |w 2019-11-15  |y BK  |k MLH 
952 |0 0  |1 0  |4 0  |6 860_900000000000000_UNA_1958  |7 0  |8 A  |9 224691  |a FDOPOS  |b FDOPOS  |d 2019-11-15  |h v.7  |i 2934590  |o 860.9 UNA 1958  |p 2934590  |r 2025-01-22  |w 2019-11-15  |y BK  |k MLH 
952 |0 0  |1 0  |4 0  |6 860_900000000000000_UNA_1958  |7 0  |8 A  |9 224692  |a FDOPOS  |b FDOPOS  |d 2019-11-15  |h v.8  |i 2934604  |o 860.9 UNA 1958  |p 2934604  |r 2025-01-22  |w 2019-11-15  |y BK  |k MLH 
952 |0 0  |1 0  |4 0  |6 860_900000000000000_UNA_1958  |7 0  |8 A  |9 224693  |a FDOPOS  |b FDOPOS  |d 2019-11-15  |h v.2  |i 204045K  |o 860.9 UNA 1958  |p 204045K  |r 2025-01-22  |w 2019-11-15  |y BK  |k MLH